000 00645nam a2200217Ia 4500
003 OSt
005 20220918191936.0
006 a|||||r|||| 00| 0
007 ta
008 220917b |||||||| |||| 00| 0 eng d
024 _a66,040
037 _cTextual
040 _aARTS
_cARTS
_beng
041 _2eng
_aeng
082 _aR2.682, M6 (906)
100 _aBrogger jan
_977781
245 0 _aBelief and experience among the sidame
_b a case study towards an anthropology of knowledge
260 _aNorwegian
_bNorwegian Univ Press
_c1986
942 _hR2.682, M6 (906)
_cTEXL
_2CC
999 _c192274
_d192274